000 00296nam a22001217a 4500
041 _aENG
100 _aBeitannica
245 _aBeitannica Ready Reference Encyclopedia Vol 1
260 _aNew Delhi
_bBriannica
_c2006
300 _a268
650 _aCompetitive Exam
856 _uCompetitive Exam
999 _c2432
_d2432